000 00955nam a2200241Ia 4500
003 GCL
005 20240530105018.0
008 140319s9999 xx 000 0 ara d
020 _a1165487977
040 _aGCL /
_cGCL
082 0 4 _a962.3/
_bق/أ ن
_221
100 0 _aالسيد احمد حامد
245 1 0 _aالنوبة الجديدة :
_cالسيد احمد حامد
_bدراسة انثروبولوجية فى المجتمع المصرى /
250 _aالثانية
260 _aالقاهرة :
_bعين للدراسات والبحوث الانسانية والاجتماعية ،
_c1994
300 _a391 ص ؛
_c24 سم
651 0 4 _2مصر
_xتاريخ
_yالعصر الحديث
651 0 4 _aالنوبة
_xتاريخ
651 0 4 _aالنوبة
_xالعادات والتقاليد
651 0 4 _aالنوبة
_xالاحوال الاجتماعية
651 0 4 _aالنوبة
_xالاحوال الاقتصادية
942 _2ddc
_cBK
999 _c52497
_d52497